| 000 | 00509nam a2200181Ia 4500 | ||
|---|---|---|---|
| 003 | GCL | ||
| 008 | 140319s9999 xx 000 0 ara d | ||
| 040 |
_aGCL / _cGCL |
||
| 082 | 0 | 4 |
_a256 _bخ ج |
| 100 | 1 | _aخالد عمر | |
| 245 | 1 | 0 |
_aالجهاد والثورة / _cخالد عمر |
| 700 | 1 | _aشهرزاد العربى | |
| 260 |
_a[S.N] : _bالزهراء للاعلام العربى ، _c1992 |
||
| 300 | _a250 ص | ||
| 490 | _a | ||
| 650 | 0 | 4 | _aالجهاد فى الاسلام |
| 942 |
_2ddc _cBK |
||
| 999 |
_c52894 _d52894 |
||